<?xml version="1.0" encoding="UTF-8"?>
<record
    xmlns:xsi="http://www.w3.org/2001/XMLSchema-instance"
    xsi:schemaLocation="http://www.loc.gov/MARC21/slim http://www.loc.gov/standards/marcxml/schema/MARC21slim.xsd"
    xmlns="http://www.loc.gov/MARC21/slim">

  <leader>01168nam a2200289 a 4500</leader>
  <controlfield tag="001">74112</controlfield>
  <controlfield tag="003">BD-RjUL</controlfield>
  <controlfield tag="005">20211209082509.0</controlfield>
  <controlfield tag="008">180228m20162009bg a|||| |||| 00| 0 ben d</controlfield>
  <datafield tag="020" ind1=" " ind2=" ">
    <subfield code="a">9789848815670</subfield>
    <subfield code="c">Tk. 375.00</subfield>
  </datafield>
  <datafield tag="035" ind1=" " ind2=" ">
    <subfield code="a">(BD-RjUL)74330</subfield>
  </datafield>
  <datafield tag="040" ind1=" " ind2=" ">
    <subfield code="a">BD-RjUL</subfield>
    <subfield code="b">eng</subfield>
    <subfield code="c">BD-RjUL</subfield>
  </datafield>
  <datafield tag="041" ind1=" " ind2=" ">
    <subfield code="a">ben</subfield>
  </datafield>
  <datafield tag="082" ind1=" " ind2=" ">
    <subfield code="2">23</subfield>
    <subfield code="a">153.9</subfield>
    <subfield code="b">KHM 2016</subfield>
  </datafield>
  <datafield tag="100" ind1="1" ind2=" ">
    <subfield code="a">&#x996;&#x9BE;&#x9A8;&#x9AE;, &#x9AE;&#x9C7;&#x9B9;&#x9A4;&#x9BE;&#x9AC;</subfield>
    <subfield code="9">220313</subfield>
  </datafield>
  <datafield tag="245" ind1="1" ind2="0">
    <subfield code="a">&#x9AE;&#x9A8; &#x993; &#x9AE;&#x9BE;&#x9A8;&#x9B8;&#x9BF;&#x995;&#x9A4;&#x9BE; /</subfield>
    <subfield code="c">&#x9AE;&#x9C7;&#x9B9;&#x9A4;&#x9BE;&#x9AC; &#x996;&#x9BE;&#x9A8;&#x9AE;,</subfield>
  </datafield>
  <datafield tag="250" ind1=" " ind2=" ">
    <subfield code="a">&#x9E8;&#x9AF;&#x9BC; &#x9B8;&#x982;&#x9B8;&#x9CD;&#x995;&#x9B0;&#x9A3; &#x9E8;&#x9E6;&#x9E7;&#x9E6;</subfield>
  </datafield>
  <datafield tag="260" ind1=" " ind2=" ">
    <subfield code="a">&#x9A2;&#x9BE;&#x995;&#x9BE; :</subfield>
    <subfield code="b">&#x987;&#x989;&#x9A8;&#x9BF;&#x9AD;&#x9BE;&#x9B0;&#x9CD;&#x9B8;&#x9BF;&#x99F;&#x9BF; &#x9AA;&#x9CD;&#x9B0;&#x9C7;&#x9B8; ,</subfield>
    <subfield code="c">&#x9E8;&#x9E6;&#x9E7;&#x9E6; (&#x9AE;&#x9C1;&#x9A6;&#x9CD;&#x9B0;&#x9A8; &#x9E8;&#x9E6;&#x9E7;&#x9EC;)</subfield>
  </datafield>
  <datafield tag="300" ind1=" " ind2=" ">
    <subfield code="a">&#x9E7;&#x9E6; , &#x9E8;&#x9EC;&#x9EA; &#x9AA;&#x9C3;. :</subfield>
    <subfield code="b">&#x99B;&#x9AC;&#x9BF; ;</subfield>
    <subfield code="c">22 &#x9B8;&#x9C7;&#x9AE;&#x9BF;.</subfield>
  </datafield>
  <datafield tag="650" ind1=" " ind2=" ">
    <subfield code="a">&#x9AC;&#x9B9;&#x9C1;&#x9AE;&#x9C1;&#x996;&#x9BF; &#x9AC;&#x9C1;&#x9A6;&#x9CD;&#x9A7;&#x9BF;&#x9AE;&#x9A4;&#x9CD;&#x9A4;&#x9BE;.</subfield>
    <subfield code="9">220314</subfield>
  </datafield>
  <datafield tag="650" ind1=" " ind2=" ">
    <subfield code="a">Multiple intelligences.</subfield>
    <subfield code="9">220315</subfield>
  </datafield>
  <datafield tag="650" ind1=" " ind2=" ">
    <subfield code="a">&#x9B8;&#x9BE;&#x9AE;&#x9BE;&#x99C;&#x9BF;&#x995; &#x9AC;&#x9C1;&#x9A6;&#x9CD;&#x9A7;&#x9BF;&#x9AE;&#x9A4;&#x9CD;&#x9A4;&#x9BE;</subfield>
    <subfield code="9">220316</subfield>
  </datafield>
  <datafield tag="650" ind1=" " ind2=" ">
    <subfield code="a">Social intelligence.</subfield>
    <subfield code="9">220317</subfield>
  </datafield>
  <datafield tag="650" ind1=" " ind2=" ">
    <subfield code="a">&#x9B6;&#x9BF;&#x995;&#x9CD;&#x9B7;&#x9A3;, &#x98F;&#x9B0; &#x9AE;&#x9A8;&#x9CB;&#x9AC;&#x9BF;&#x99C;&#x9CD;&#x99E;&#x9BE;&#x9A8;</subfield>
    <subfield code="9">220318</subfield>
  </datafield>
  <datafield tag="650" ind1=" " ind2=" ">
    <subfield code="a">Learning, Psychology of.</subfield>
    <subfield code="9">220319</subfield>
  </datafield>
  <datafield tag="942" ind1=" " ind2=" ">
    <subfield code="2">ddc</subfield>
    <subfield code="c">BK</subfield>
  </datafield>
  <datafield tag="999" ind1=" " ind2=" ">
    <subfield code="c">74112</subfield>
    <subfield code="d">74112</subfield>
  </datafield>
  <datafield tag="952" ind1=" " ind2=" ">
    <subfield code="0">0</subfield>
    <subfield code="1">0</subfield>
    <subfield code="2">ddc</subfield>
    <subfield code="4">0</subfield>
    <subfield code="7">1</subfield>
    <subfield code="8">NFIC</subfield>
    <subfield code="a">RUCL</subfield>
    <subfield code="b">RUCL</subfield>
    <subfield code="c">Reading</subfield>
    <subfield code="d">2017-03-30</subfield>
    <subfield code="e">Rajshahi Viddyasagor</subfield>
    <subfield code="g">375.00</subfield>
    <subfield code="l">0</subfield>
    <subfield code="o">B 153.9 KHM 2016</subfield>
    <subfield code="r">2018-02-28 00:00:00</subfield>
    <subfield code="t">C-1</subfield>
    <subfield code="w">2021-12-09</subfield>
    <subfield code="y">BK</subfield>
  </datafield>
  <datafield tag="952" ind1=" " ind2=" ">
    <subfield code="0">0</subfield>
    <subfield code="1">0</subfield>
    <subfield code="2">ddc</subfield>
    <subfield code="4">0</subfield>
    <subfield code="7">0</subfield>
    <subfield code="8">NFIC</subfield>
    <subfield code="a">RUCL</subfield>
    <subfield code="b">RUCL</subfield>
    <subfield code="c">Stack</subfield>
    <subfield code="d">2017-03-30</subfield>
    <subfield code="e">Rajshahi Viddyasagor</subfield>
    <subfield code="g">375.00</subfield>
    <subfield code="l">4</subfield>
    <subfield code="o">B 153.9 KHM 2016</subfield>
    <subfield code="r">2022-01-09 00:00:00</subfield>
    <subfield code="s">2021-12-28</subfield>
    <subfield code="t">C-2</subfield>
    <subfield code="w">2021-12-09</subfield>
    <subfield code="y">BK</subfield>
  </datafield>
  <datafield tag="952" ind1=" " ind2=" ">
    <subfield code="0">0</subfield>
    <subfield code="1">0</subfield>
    <subfield code="2">ddc</subfield>
    <subfield code="4">0</subfield>
    <subfield code="7">0</subfield>
    <subfield code="8">NFIC</subfield>
    <subfield code="a">RUCL</subfield>
    <subfield code="b">RUCL</subfield>
    <subfield code="c">Stack</subfield>
    <subfield code="d">2017-03-30</subfield>
    <subfield code="e">Rajshahi Viddyasagor</subfield>
    <subfield code="g">375.00</subfield>
    <subfield code="l">10</subfield>
    <subfield code="m">1</subfield>
    <subfield code="o">B 153.9 KHM 2016</subfield>
    <subfield code="r">2022-06-26 00:00:00</subfield>
    <subfield code="s">2022-06-18</subfield>
    <subfield code="t">C-3</subfield>
    <subfield code="w">2021-12-09</subfield>
    <subfield code="y">BK</subfield>
  </datafield>
</record>
